LEADER 01074nam a2200289 u 4500 001 000000058779 003 CaOOAMICUS 005 20070226120729.0 008 010613s1990 it u000 u ita u 020 $a884203553X 035 $a10892484 040 $aPUL(R)$bita 100 1 $aMamiani, Maurizio.$0(OLS)http://pul/name/25347 245 10$aIntroduzione a Newton /$cdi Maurizio Mamiani. 260 $aRoma :$bLaterza,$cc1990. 300 $a143 p. ;$c18 cm 490 1 $aI filosofi ;$v52 504 $aContiene bibliografia. 600 14$aNewton, Isaac,$cSir,$d1642-1727.$0(OLS)http://pul/subject/7902 830 2$aI filosofi (Laterza) ;$v52.$0(OLS)http://pul/title/7858 850 $aPUL 852 $aPUL$W1$xSL Filosofia 1$y2$m81 M 30$j76737$nBK-PRI$b $qStampati$B76737$CPULBib$Z2$F76737 $H $81 941 1 $a8 961 $aINV: 73312 996 $6020$a884203553X$9(OLS)http://pul/number/74611 996 $6245$aIntroduzione a Newton$9(OLS)http://pul/title/78753 996 $6260$aRoma :$bLaterza$9(OLS)http://pul/publisher/47864 LEADER 01249nam a2200289 u 4500 001 000000150294 003 CaOOAMICUS 005 20160310144116.0 008 160310s1992 it u000 u ita u 032 $aLibriCat 040 $aPUL$bita 041 1 $aita$afre 100 1 $aBergson, Henri,$d1859-1941.$0(OLS)http://pul/name/16388 245 10$aLettere a Xavier Léon e ad altri /$cHenri Bergson ; a cura e con un'introduzione di Renzo Ragghianti. 260 $aNapoli :$bBibliopolis,$c©1992. 300 $a187 p. ;$c24 cm. 490 1 $aIstituto italiano per gli studi filosofici.$aSerie testi ;$v12 504 $aBibliografia in nota a piè pagina. 700 1 $aRagghianti, Renzo.$0(OLS)http://pul/name/64302 830 0$aIstituto italiano per gli studi filosofici.$pSerie testi ;$v12.$0(OLS)http://pul/title/20849 850 $aPUL 852 $aPUL$W1$xSL Filosofia 3$y81$m194 BERHE 2$j172858$qDDC 21$B174800$CPULBib$Z2$F174800 $H127431 $81 941 1 $a9 983 0$aSerie Testi (Istituto italiano per gli studi filosofici) 996 $6245$aLettere a Xavier Léon e ad altri$9(OLS)http://pul/title/189403 996 $6260$aNapoli :$bBibliopolis$9(OLS)http://pul/publisher/49069